Statistics for Egypt Football Team World Cup Starting XI

Click here to take the quiz!

General Stats

  • This quiz has been taken 234 times
  • The average score is 5 of 22

Answer Stats

Player% Correct
Mohamed Salah
99%
Mohamed Elneny
66%
Trézéguet
50%
Ahmed Hegazi
30%
Hossam Hassan
24%
Mohamed El-Shenawy
24%
Ibrahim Hassan
22%
Ahmed Fathy
17%
Ali Gabr
17%
Marwan Mohsen
17%
Tarek Hamed
17%
Mohamed Abdel-Shafy
11%
Abdallah Said
9%
Hany Ramzy
9%
Magdi Abdelghani
9%
Ahmed Ramzy
7%
Ismail Youssef
7%
Ahmed El-Kass
5%
Ahmed Shobair
5%
Hesham Yakan
5%
Rabie Yassin
5%
Gamal Abdel-Hameed
3%

Score Distribution

Percentile by Number Answered

Percent of People with Each Score

Your Score History

You have not taken this quiz